000 00359pab a2200145 454500
008 180718b1997 xxu||||| |||| 00| 0 eng d
100 _aManjit Singh
245 _aBonded migrant labour in Punjab agriculture
260 _c1997
300 _ap.518-19
362 _a15-21 Mar
650 _aLabour
773 _aEconomic and Political Weekly
909 _a33469
999 _c33469
_d33469